[Event "Iberoamerican-ch 9th"]
[Site "Panama City"]
[Date "2023.11.29"]
[Round "6"]
[White "Morera Campos, Yanori Maria"]
[Black "Loo Garcia, Jorge Alberto"]
[Result "1-0"]
[WhiteElo "1886"]
[BlackElo "1094"]
[PlyCount "37"]
[EventDate "2023.11.25"]
[EventType "swiss"]
[EventRounds "9"]
[EventCountry "PAN"]
[SourceTitle "CB49_2023"]
[SourceDate "2023.12.06"]
[SourceVersion "1"]
[SourceVersionDate "2023.12.06"]
[SourceQuality "1"]

1. e4 d5 2. exd5 Qxd5 3. c4 Qd8 4. d4 Nf6 5. Nf3 Bf5 6. Nc3 e6 7. Bd3 Bg6 8. Bf4 Nc6 9. Bxg6 hxg6 10. a3 Qd7 11. d5 exd5 12. cxd5 Ne7 13. Ne5 Qf5 14. Qa4+ Nd7 15. g4 b5 16. Nxb5 Qxe5+ 17. Bxe5 Nxe5 18. Nd6+ Kd8 19. Qe8# 1-0